Quiz de Paris - Statistics

Estatísticas Gerais
  • Esse quiz foi jogado 35 vezes
  • A pontuação média é 12 de 28
Estatísticas das Respostas
Hint Resposta % Correto
Museu de arte mais famoso Louvre
93%
Obra mais conhecida de Leonardo Da Vinci Mona Lisa
90%
Principal rio Sena
86%
Monumento no final da rua acima Arco do Triúnfo
79%
Marca de luxo criada por Coco Chanel
79%
Marco mais famoso Torre Eiffel
79%
Rua mais famosa Champs-Élysées
66%
Apelido mais conhecido Cidade da luz
66%
Jornal cujo nome significa "O Mundo" Le Monde
62%
Maior aeroporto Charles De Gaulle
59%
Cabaré onde se dança o can-can Moulin Rouge
59%
Autor de "Les Misérables" Victor Hugo
55%
Método de execução de decapitação Guilhotina
48%
Estátua sem braços encontrada no museu acima Venus de Milo
45%
Casa de Louis XIV Versalhes
41%
Outro nome para o campeonato de tênis French Open Roland-Garros
31%
Ano da queda da Bastilha 1789
28%
Paris tem 20 dessas subdivisões Distritos
28%
Região da França onde Paris é situada Île-de-France
28%
Distrito comercial com arranha-céus La Défense
17%
Nome romano de Paris Lutetia
17%
Basílica branca em Montmartre Sacré-Cœur
17%
Escultor de "O Pensador" Auguste Rodin
14%
Revolucionário "incorruptível" Maximilien de Robespierre
14%
Slogan de liberdade de expressão de 2015 Je suis Charlie
10%
Maior parque público da cidade Bois de Vincennes
7%
Índice da bolsa de valores CAC 40
7%
Conflito da Primeira Guerra Mundial travado perto de Paris Batalha de Marne
3%
Nenhum quiz correspondente encontrado
Distribuição das Pontuações
Porcentagem de Pessoas com Cada Pontuação
Percentil de Números Respondidos
Sua Pontuação Histórica
Você não jogou esse quiz